000 00302nam a2200133Ia 4500
005 20251222140025.0
008 251222s1900||||xx |||||||||||||| ||spa||
020 _a85-01-06591-9
082 _a111.84/M16
100 _aMaffesoli, Michel
245 2 _aA parte do Diabo
264 _bRecord
942 _cLIB
999 _c2751
_d2751